[Event "Twente Young Master op-D"]
[Site "Twente"]
[Date "2007.08.07"]
[Round "2"]
[White "Rahangmetan, Derek Jan"]
[Black "Karg, Daniel"]
[Result "1-0"]
[WhiteElo "1200"]
[BlackElo "935"]
[PlyCount "69"]
[EventDate "2007.08.06"]
[EventType "swiss"]
[EventRounds "13"]
[EventCountry "NED"]
[SourceTitle "EXT 2008"]
[Source "ChessBase"]
[SourceDate "2007.11.25"]
[SourceVersion "1"]
[SourceVersionDate "2007.11.25"]
[SourceQuality "1"]

1. e4 e5 2. Nf3 Nf6 3. Nc3 Nc6 4. Bb5 d6 5. d4 a6 6. Ba4 Bd7 7. d5 b5 8. Bb3 Nd4 9. Nxd4 exd4 10. Qxd4 c5 11. dxc6 Bxc6 12. Bg5 Be7 13. 0-0 d5 14. Bxf6 Bxf6 15. e5 Bh4 16. Rfe1 0-0 17. g3 Qg5 18. Qxh4 Qf5 19. Bxd5 Bxd5 20. Nxd5 Rfe8 21. Nc7 Rxe5 22. Nxa8 Rxe1+ 23. Rxe1 h6 24. Re8+ Kh7 25. Qe4 Qxe4 26. Rxe4 a5 27. Rf4 f6 28. Nc7 Kg8 29. Ne6 Kf7 30. Nd4 b4 31. h4 Kg6 32. Rg4+ Kh5 33. Rxg7 f5 34. Nxf5 b3 35. g4# 1-0